000 002830000a22001090004500
100 1 _aMukherjee, Neela
245 1 0 _aLas mujeres del campo y la inseguridad alimenticia
300 _aNúm 32 (1997), Páginas 1-3
700 1 _aMukherjee, Amitava
773 0 _tPaso a paso
942 _cANA
999 _c52361
_d52361